[Event "SM-gruppen"]
[Site "Skara"]
[Date "2002.07.13"]
[Round "13"]
[White "Wedberg, Tom"]
[Black "Eriksson, Johan"]
[Result "1/2-1/2"]
[WhiteElo "2540"]
[BlackElo "2426"]
[Board "5"]
[WhiteCountry "SWE"]
[BlackCountry "SWE"]

1. e4 g6 2. d4 Bg7 3. Nc3 d6 4. Be3 c6 5. Qd2 Nd7 6. h4 h5 7. Nh3 b5 8. Ng5
Bb7 9. f4 Nh6 10. Be2 Nb6 11. f5 gxf5 12. Bxh5 Nc4 13. Qc1 Qd7 14. b3 Nxe3
15. Qxe3 c5 16. Ne2 cxd4 17. Nxd4 f4 18. Qd3 Rc8 19. O-O-O Be5 20. Qxb5 
Qxb5 21. Nxb5 O-O 22. Nd4 Rc5 23. Bf3 Ba6 24. Rd2 Rfc8 25. Bd1 Kf8 26. Kb1
Rc3 27. Nh3 Re3 28. Nf2 Ng8 29. Bf3 Nf6 30. Rhd1 Bb7 31. Rd3 e6 32. Nb5 Ba6
33. a4 Bxb5 34. axb5 Ke7 35. h5 Rh8 36. Rh1 Rh6 37. Nd1 Rxd3 38. cxd3 Bd4 
39. Nb2 d5 40. Rc1 dxe4 41. dxe4 Rh7 42. Nd3 Nxh5 43. Rc7+ Kd6 44. Rc6+ Ke7
45. Rc7+ Kd6 46. Rc6+ Ke7 47. Nc5 Ng3 48. b4 Rh1+ 49. Kc2 Ra1 50. Rc7+ Kf6
51. Kd3 e5 52. Rc6+ Ke7 53. Rc7+ Kf6 54. Rc6+ Ke7 55. Kc4 Nf1 56. Rc7+ Kd8
57. Rxf7 Ne3+ 58. Kd3 Ra3+ 59. Ke2 Ra2+ 60. Kd3 Ra3+ 61. Ke2 Ra2+ 62. Kd3 
Ra3+ 1/2-1/2

[Event "SM-gruppen"]
[Site "Skara"]
[Date "2002.07.13"]
[Round "13"]
[White "Cicak, Slavko"]
[Black "Eriksson, Jonas"]
[Result "1/2-1/2"]
[WhiteElo "2537"]
[BlackElo "2280"]
[Board "6"]
[WhiteCountry "SWE"]
[BlackCountry "SWE"]

1. e4 c6 2. c4 d5 3. cxd5 cxd5 4. exd5 Nf6 5. Qa4+ Bd7 6. Qb3 Na6 7. Nc3 
Nc5 8. Qd1 g6 9. Nf3 Bg7 10. Bc4 O-O 11. O-O Nfe4 12. Re1 Nd6 13. d4 Na6 
14. Bxa6 bxa6 15. Ne5 Re8 16. Bf4 Nf5 17. Qd2 Rc8 18. Rac1 f6 19. Nxd7 Qxd7
20. Qd3 Qb7 21. b3 Qb4 22. Qxa6 Nxd4 23. Bd2 Qb8 24. Be3 f5 25. Qd3 Qb4 26.
Ne2 Nc2 27. Red1 Nxe3 28. Qxe3 Qe4 29. Qxe4 fxe4 30. Ng3 Bh6 31. Rxc8 Rxc8
32. Nxe4 Rc2 33. a4 Rb2 34. Nc5 Rc2 35. Ne6 Rb2 36. Nd4 Bg7 37. Nc6 Kf8 38.
b4 a6 39. g3 Bc3 40. d6 exd6 41. Rxd6 Kg7 42. Rd7+ Kf6 43. Rxh7 Be1 44. Kf1
Bxf2 45. Nb8 Bd4 46. Nxa6 Rf2+ 47. Ke1 Ra2 48. a5 Ke5 49. Rh4 g5 50. Rg4 
Rxh2 51. Nc5 Bf2+ 52. Kd1 Kf5 53. Rc4 Bxg3 54. b5 g4 55. a6 Bb8 1/2-1/2

[Event "SM-gruppen"]
[Site "Skara"]
[Date "2002.07.13"]
[Round "13"]
[White "Ahlander, Björn"]
[Black "Vernersson, Per"]
[Result "0-1"]
[WhiteElo "2419"]
[BlackElo "2394"]
[Board "7"]
[WhiteCountry "SWE"]
[BlackCountry "SWE"]

1. d4 d5 2. c4 e6 3. Nc3 Nf6 4. Bg5 Be7 5. e3 O-O 6. Nf3 Nbd7 7. Bd3 dxc4 
8. Bxc4 c5 9. O-O a6 10. Qe2 h6 11. Bh4 b5 12. Bb3 Qb6 13. Rfd1 Bb7 14. 
Rac1 Rfd8 15. Ne5 g5 16. Bg3 Nxe5 17. Bxe5 Nd7 18. Bg3 Nf6 19. dxc5 Rxd1+ 
20. Bxd1 Qxc5 21. Qc2 Rc8 22. a3 a5 23. Qd2 Rd8 24. Qe1 b4 25. axb4 axb4 
26. Ne2 Qd5 27. f3 Bc5 28. Bf2 Ng4 29. Ng3 Nxf2 30. Kxf2 Qe5 31. b3 Rd3 32.
Nf1 f5 33. Be2 Bxe3+ 34. Nxe3 Qxe3+ 35. Kf1 Rd2 36. Rc7 Bd5 37. Rd7 Rc2 38.
Bd1 Qxe1+ 39. Kxe1 Rxg2 40. Rd8+ Kg7 41. Rb8 Rxh2 42. Rxb4 Kf6 0-1